Analýza hospodárnosti výrobného procesu vybraného podniku bakalárska práca

Guardado en:
Detalles Bibliográficos
Autor principal: Majtán, Jakub
Autor Corporativo: Fakulta podnikového manažmentu EU. Katedra podnikovohospodárska
Otros Autores: Štetka, Peter, 1986-
Formato: Libro
Lenguaje:eslovaco
Publicado: Bratislava 2019
Etiquetas: Agregar Etiqueta
Sin Etiquetas, Sea el primero en etiquetar este registro!

MARC

LEADER 00000nbm a2200000 4500
001 0257848
005 20191125141521.2
041 0 |a slo 
044 |a SK 
245 1 0 |a Analýza hospodárnosti výrobného procesu vybraného podniku  |b bakalárska práca  |c Jakub Majtán ; školiteľ: Peter Štetka 
264 1 |a Bratislava  |c 2019 
300 |a 55 s. 
100 1 |a Majtán, Jakub 
700 1 |a Štetka, Peter, 1986- 
710 2 |a Fakulta podnikového manažmentu EU. Katedra podnikovohospodárska